Band Members by Instrument - Hip Hop Edition - Statistics

General Stats
  • This quiz has been taken 107 times
  • The average score is 12 of 48
Answer Stats
Group Role Answer % Correct
NWA (1987-1991) MC (1987-1989) Ice Cube
91%
NWA (1987-1991) MC, Keyboards, Drum Programming, Turntables Dr. Dre
84%
NWA (1987-1991) MC Eazy-E
82%
OutKast (1992-2006) MC André 3000
76%
Fugees (1992-1997) MC, Vocals Lauryn Hill
63%
Grandmaster Flash and the Furious Five (1978-1983) DJ Grandmaster Flash
59%
OutKast (1992-2006) MC Big Boi
57%
Public Enemy (1986-1998) MC / Hype Man Flavor Flav
53%
NWA (1987-1991) MC MC Ren
49%
Run-DMC (1983-2002) MC Run
49%
Run-DMC (1983-2002) MC DMC
44%
Public Enemy (1986-1998) MC Chuck D
43%
Beastie Boys (1984-2012) Vocals, Bass MCA
43%
Beastie Boys (1984-2012) Vocals, Drums Mike D
39%
Beastie Boys (1984-2012) Vocals, Guitar Ad-Rock
37%
NWA (1987-1991) DJ, Drum Programming, MC DJ Yella
37%
A Tribe Called Quest (1985-1998) MC Q-Tip
37%
Fugees (1992-1997) MC, Vocals Wyclef Jean
37%
The Roots (on the 1999 album Things Fall Apart) Drums Questlove
28%
A Tribe Called Quest (1985-1998) MC Phife Dawg
27%
Run-DMC (1983-2002) DJ Jam Master Jay
25%
Cypress Hill (1994-2004) MC B-Real
24%
Public Enemy (1986-1998) DJ Terminator X
22%
NWA (1987-1991) Keyboards, Drum Programming (1987-1988) Arabian Prince
18%
The Roots (on the 1999 album Things Fall Apart) MC Black Thought
18%
A Tribe Called Quest (1985-1998) DJ Ali Shaheed Muhammad
15%
Grandmaster Flash and the Furious Five (1978-1983) MC Melle Mel
10%
Fugees (1992-1997) MC Pras
10%
Cypress Hill (1994-2004) DJ DJ Muggs
8%
Cypress Hill (1994-2004) MC Sen Dog
8%
De La Soul (1988-present) MC Trugoy
8%
A Tribe Called Quest (1985-1998) MC (part-time, through 1991) Jarobi White
5%
The Sugarhill Gang (1979-1985) MC Big Bank Hank
4%
Cypress Hill (1994-2004) Drums Bobo
4%
Grandmaster Flash and the Furious Five (1978-1983) MC Keef Cowboy
4%
The Roots (on the 1999 album Things Fall Apart) MC Malik B.
4%
De La Soul (1988-present) DJ Maseo
4%
De La Soul (1988-present) MC Posdnuos
4%
Grandmaster Flash and the Furious Five (1978-1983) MC Rahiem
4%
The Roots (on the 1999 album Things Fall Apart) Beatboxer, Vocal Scratching Scratch
4%
The Sugarhill Gang (1979-1985) MC Wonder Mike
4%
Grandmaster Flash and the Furious Five (1978-1983) MC Kidd Creole
3%
The Sugarhill Gang (1979-1985) MC Master Gee
3%
The Roots (on the 1999 album Things Fall Apart) MC Dice Raw
1%
The Roots (on the 1999 album Things Fall Apart) Keyboards Kamal Gray
1%
Grandmaster Flash and the Furious Five (1978-1983) MC Scorpio
1%
The Roots (on the 1999 album Things Fall Apart) Bass Hub
0%
The Roots (on the 1999 album Things Fall Apart) Beatboxer Rahzel
0%
No matching quizzes found
Score Distribution
Percent of People with Each Score
Percentile by Number Answered
Your Score History
You have not taken this quiz